[Event "BI-2011-F-00015"]
[Site "LSS email"]
[Date "2012.02.12"]
[Round "?"]
[White "Hartnack, Robert"]
[Black "Owens, Johnny"]
[Result "0-1"]
[WhiteElo "1828"]
[BlackElo "1877"]
[PlyCount "26"]
[EventDate "2012.02.15"]
[EventType "tourn (corr)"]
[EventRounds "10"]
[EventCountry "GER"]
[SourceTitle "Corr 2015"]
[Source "ChessBase"]
[SourceDate "2015.07.17"]
[SourceVersion "1"]
[SourceVersionDate "2015.07.17"]
[SourceQuality "1"]

1. e4 e6 2. d4 d5 3. Nc3 dxe4 4. Nxe4 Nd7 5. Bd3 Ngf6 6. Qe2 Nxe4 7. Qxe4 Nf6 8. Qh4 Bd7 9. Nf3 Nd5 10. Bg5 Be7 11. Qg3 Bxg5 12. Nxg5 Bc6 13. 0-0 Nf6 0-1

[Event "CP-2010-Q-00003"]
[Site "LSS email"]
[Date "2012.01.15"]
[Round "?"]
[White "Mueller, Michael"]
[Black "Hartnack, Robert"]
[Result "1-0"]
[WhiteElo "2230"]
[BlackElo "1828"]
[PlyCount "41"]
[EventDate "2012.01.20"]
[EventType "tourn (corr)"]
[EventRounds "6"]
[EventCountry "GER"]
[SourceTitle "Telechess CBM 165"]
[Source "ChessBase"]
[SourceDate "2015.03.11"]
[SourceVersion "1"]
[SourceVersionDate "2015.03.11"]
[SourceQuality "1"]

1. e4 e5 2. Nf3 Nc6 3. Bb5 a6 4. Ba4 Nf6 5. 0-0 Be7 6. Re1 b5 7. Bb3 d6 8. c3 0-0 9. h3 Bb7 10. d4 Re8 11. Nbd2 Bf8 12. a3 h6 13. Bc2 Nb8 14. b4 Nbd7 15. Bb2 g6 16. Qb1 c6 17. Nb3 Rb8 18. a4 Qc7 19. axb5 axb5 20. Na5 Ba8 21. Bd3 1-0

[Event "CP-2011-P-00002"]
[Site "LSS email"]
[Date "2011.09.30"]
[Round "?"]
[White "Winter, Malcolm J"]
[Black "Hartnack, Robert"]
[Result "1-0"]
[WhiteElo "1131"]
[BlackElo "1828"]
[PlyCount "59"]
[EventDate "2011.10.01"]
[EventType "tourn (corr)"]
[EventRounds "6"]
[EventCountry "GER"]
[SourceTitle "Telechess CBM 165"]
[Source "ChessBase"]
[SourceDate "2015.03.11"]
[SourceVersion "1"]
[SourceVersionDate "2015.03.11"]
[SourceQuality "1"]

1. d4 Nf6 2. Nf3 g6 3. Bg5 Bg7 4. Nbd2 d5 5. e3 0-0 6. Bd3 Nbd7 7. 0-0 c5 8. c3 h6 9. Bxf6 Nxf6 10. b4 c4 11. Bc2 a5 12. a3 Nd7 13. e4 e5 14. b5 exd4 15. cxd4 dxe4 16. Nxe4 Nb6 17. Rc1 Qc7 18. Nc3 Bg4 19. h3 Bxf3 20. Qxf3 Rad8 21. Ne2 Rfe8 22. Be4 Qe7 23. Nc3 Rxd4 24. Bxb7 Rd3 25. Qc6 Rxc3 26. Rxc3 Bxc3 27. Qxb6 Rb8 28. Qc6 Rxb7 29. Qxc4 Bf6 30. Qc6 1-0

[Event "BI-2011-P-00028"]
[Site "LSS email"]
[Date "2011.04.17"]
[Round "?"]
[White "Hartnack, Robert"]
[Black "Bendig, Frank"]
[Result "1/2-1/2"]
[WhiteElo "2027"]
[BlackElo "2166"]
[PlyCount "80"]
[EventDate "2011.04.20"]
[EventType "tourn (corr)"]
[EventRounds "10"]
[EventCountry "GER"]
[SourceTitle "Telechess CBM 157"]
[Source "ChessBase"]
[SourceDate "2013.11.12"]
[SourceVersion "1"]
[SourceVersionDate "2013.11.12"]
[SourceQuality "1"]

1. e4 Nf6 2. e5 Nd5 3. d4 d6 4. Nf3 g6 5. Bc4 Nb6 6. Bb3 Bg7 7. 0-0 0-0 8. a4 dxe5 9. Nxe5 Nc6 10. Nxc6 bxc6 11. a5 Nd5 12. Nc3 Bf5 13. Re1 Rb8 14. h3 Rb4 15. Ne2 Re8 16. Ra4 Rb8 17. Rc4 Bd7 18. Nf4 Rb5 19. Nd3 Rxa5 20. Bd2 Ra6 21. Ne5 e6 22. Qe2 Qe7 23. Rc5 Rb6 24. Ra5 Ra8 25. Rea1 Rb7 26. Bc1 Bf8 27. Bc4 Be8 28. Nd3 Qf6 29. c3 Rbb8 30. Bd2 Nb6 31. Ba6 Nd5 32. b4 Bd6 33. Bc4 Rb7 34. Nc5 Bxc5 35. Rxc5 Qd8 36. Ba6 Rb6 37. Rca5 Rbb8 38. Bd3 Rb7 39. Qf3 Kg7 40. Ba6 Rbb8 1/2-1/2

[Event "BI-2011-P-00028"]
[Site "LSS email"]
[Date "2011.04.17"]
[Round "?"]
[White "Hartnack, Robert"]
[Black "Lehnberger, Karl"]
[Result "0-1"]
[WhiteElo "2027"]
[BlackElo "2050"]
[PlyCount "138"]
[EventDate "2011.04.20"]
[EventType "tourn (corr)"]
[EventRounds "10"]
[EventCountry "GER"]
[SourceTitle "Telechess CBM 157"]
[Source "ChessBase"]
[SourceDate "2013.11.12"]
[SourceVersion "1"]
[SourceVersionDate "2013.11.12"]
[SourceQuality "1"]

1. e4 c6 2. d4 d5 3. Nd2 dxe4 4. Nxe4 Nd7 5. Ng5 Ngf6 6. Bd3 g6 7. N1f3 Bg7 8. 0-0 0-0 9. Re1 h6 10. Nxf7 Rxf7 11. Bxg6 Rf8 12. c3 Nd5 13. a4 Rf6 14. Be4 Nf8 15. Ne5 Bf5 16. c4 Bxe4 17. Rxe4 Nb6 18. Ra3 Nbd7 19. Rd3 Qe8 20. Ng4 Rg6 21. Qe2 e6 22. Rh3 Nf6 23. Nxf6+ Rxf6 24. Rg3 Rd8 25. h4 Rg6 26. Rd3 Rd7 27. Bf4 Rf7 28. h5 Rgf6 29. Be3 Qd7 30. b3 Nh7 31. Rg4 Kh8 32. Rd1 Ng5 33. f3 Rf5 34. Qd2 Rf8 35. Qc1 Rg8 36. b4 Bf6 37. Rd2 Qf7 38. Qe1 Qxh5 39. Qg3 Qf7 40. Qh2 h5 41. Kh1 Bd8 42. Rf4 Bc7 43. Rxf5 exf5 44. Qh4 Qxc4 45. Rd1 Nf7 46. Qf6+ Rg7 47. Re1 Qc3 48. Bf2 Qc2 49. Qh4 Bd8 50. Re8+ Kh7 51. Qxh5+ Nh6 52. Re6 Bg5 53. Kg1 Qxa4 54. d5 cxd5 55. f4 Bxf4 56. Bd4 Qd7 57. Qe2 Rf7 58. Re8 b6 59. Kf1 Bd6 60. Bc3 Re7 61. Rxe7+ Qxe7 62. Qxe7+ Bxe7 63. Bd2 Bd6 64. Ke2 Kg6 65. Ke3 Be5 66. Ke2 f4 67. Kf3 Kf5 68. g3 fxg3 69. Bxh6 a5 0-1

[Event "LSS SA-2010-0-00174"]
[Site "LSS email"]
[Date "2011.01.17"]
[Round "?"]
[White "Helmer, Janos"]
[Black "Hartnack, Robert"]
[Result "1-0"]
[WhiteElo "2085"]
[BlackElo "1828"]
[PlyCount "111"]
[EventDate "2010.12.14"]
[EventType "tourn (corr)"]
[EventRounds "6"]
[EventCountry "GER"]
[SourceTitle "Corr 2015"]
[Source "ChessBase"]
[SourceDate "2015.07.17"]
[SourceVersion "1"]
[SourceVersionDate "2015.07.17"]
[SourceQuality "1"]

1. c4 e5 2. Nc3 Nf6 3. g3 Bb4 4. Bg2 0-0 5. Nf3 Re8 6. 0-0 e4 7. Ng5 Bxc3 8. bxc3 h6 9. Nh3 d6 10. f3 exf3 11. exf3 Bf5 12. Nf2 Nbd7 13. d3 c6 14. Rb1 d5 15. cxd5 Nxd5 16. Qc2 Rb8 17. Ne4 b5 18. h3 a5 19. Bd2 Qc7 20. f4 b4 21. cxb4 axb4 22. g4 Bh7 23. f5 Ra8 24. Kh1 Red8 25. d4 Qb6 26. Qc4 Qa7 27. Qxc6 N7b6 28. Nd6 Qxa2 29. Bxb4 Ne3 30. Rfe1 Nbd5 31. Bxd5 Qxd5+ 32. Qxd5 Nxd5 33. Bc5 f6 34. Kg2 Rd7 35. Ra1 Rad8 36. Ra6 Kh8 37. Kg3 Bg8 38. h4 Rb8 39. Ra3 Rbd8 40. Nc4 Nb4 41. Ne3 Nc6 42. Nc2 Rb7 43. Rea1 Rb3+ 44. Kf4 Rb2 45. Rc3 Bd5 46. Re1 Kg8 47. g5 hxg5+ 48. hxg5 fxg5+ 49. Kxg5 Bb3 50. Bb6 Rd6 51. Ne3 Ba2 52. Bc5 Nxd4 53. Ng4 Ne6+ 54. fxe6 Rxe6 55. Rd1 Rb8 56. Rd7 1-0

[Event "CP-2010-P-00028"]
[Site "LSS email"]
[Date "2010.09.28"]
[Round "?"]
[White "Hartnack, Robert"]
[Black "Girardot, Philippe"]
[Result "1/2-1/2"]
[WhiteElo "2050"]
[BlackElo "2267"]
[PlyCount "102"]
[EventDate "2010.10.01"]
[EventType "tourn (corr)"]
[EventRounds "6"]
[EventCountry "GER"]
[SourceTitle "Telechess CBM 151"]
[Source "ChessBase"]
[SourceDate "2012.11.13"]
[SourceVersion "1"]
[SourceVersionDate "2012.11.13"]
[SourceQuality "1"]

1. e4 e5 2. Nf3 Nc6 3. Bb5 a6 4. Ba4 Nf6 5. 0-0 Be7 6. Re1 b5 7. Bb3 0-0 8. h3 Bb7 9. d3 d6 10. a3 Qd7 11. Nc3 Rfe8 12. Bg5 Na5 13. Ba2 c5 14. Nh4 g6 15. Qd2 Qd8 16. Nf3 Nc6 17. Ne2 Rc8 18. Bh6 Rc7 19. a4 b4 20. Ng3 Bc8 21. c3 Rb7 22. Nf5 Bf8 23. Bxf8 Rxf8 24. Ne3 Be6 25. Bxe6 fxe6 26. Nh2 Kg7 27. Rab1 Rbf7 28. Nhg4 Nh5 29. g3 Nf6 30. Nxf6 Qxf6 31. Ng4 Qd8 32. Rf1 Kh8 33. Nh6 Rd7 34. Rbd1 Qe7 35. Ng4 Qg7 36. Rb1 Rb7 37. Ne3 Rfb8 38. Qc2 Qe7 39. Kg2 Kg7 40. Rfd1 h5 41. h4 Rd7 42. Nc4 Rf8 43. Rf1 Qd8 44. Rbe1 Rf6 45. Nd2 Rdf7 46. Qb3 Qb8 47. Qa2 Qf8 48. Re2 Rb7 49. Nc4 Qb8 50. Rfe1 Rbf7 51. Nd2 Qf8 1/2-1/2

[Event "LSS BI-2009-F-00008"]
[Site "LSS email"]
[Date "2010.02.15"]
[Round "?"]
[White "Hartnack, Robert"]
[Black "Leonard, Mark"]
[Result "1/2-1/2"]
[WhiteElo "2008"]
[BlackElo "2040"]
[PlyCount "89"]
[EventDate "2010.02.17"]
[EventType "tourn (corr)"]
[EventRounds "10"]
[EventCountry "GER"]
[SourceTitle "Corr 2013"]
[Source "ChessBase"]
[SourceDate "2012.11.12"]
[SourceVersion "1"]
[SourceVersionDate "2012.11.12"]
[SourceQuality "1"]

1. e4 e5 2. Nf3 Nc6 3. Bb5 a6 4. Ba4 Nf6 5. 0-0 Be7 6. Re1 b5 7. Bb3 0-0 8. c3 d5 9. exd5 Nxd5 10. Nxe5 Nxe5 11. Rxe5 c6 12. Bxd5 cxd5 13. d4 Bd6 14. Re3 Qh4 15. h3 Qf4 16. Re5 Qf6 17. Re1 Qg6 18. Qf3 Be6 19. Be3 Qc2 20. Qe2 Qg6 21. Kh1 Rfe8 22. Nd2 h6 23. Nb3 b4 24. cxb4 Bxb4 25. Bd2 Bd7 26. Qd1 Bd6 27. Nc5 Bxc5 28. dxc5 d4 29. Rc1 Rab8 30. b3 Rxe1+ 31. Bxe1 d3 32. Qf3 Re8 33. Kh2 Re6 34. Rd1 Bc6 35. Qg4 d2 36. Bxd2 Qc2 37. Be3 Rg6 38. Qc8+ Kh7 39. Rg1 Qxa2 40. Qb8 Qc2 41. Qb4 Qd3 42. Qc4 Qxc4 43. bxc4 a5 44. f3 Re6 45. Re1 1/2-1/2

[Event "LSS BI-2009-F-00008"]
[Site "LSS email"]
[Date "2010.02.15"]
[Round "?"]
[White "Soreghy, Janos"]
[Black "Hartnack, Robert"]
[Result "0-1"]
[WhiteElo "1878"]
[BlackElo "2008"]
[PlyCount "156"]
[EventDate "2010.02.17"]
[EventType "tourn (corr)"]
[EventRounds "10"]
[EventCountry "GER"]
[SourceTitle "Corr 2013"]
[Source "ChessBase"]
[SourceDate "2012.11.12"]
[SourceVersion "1"]
[SourceVersionDate "2012.11.12"]
[SourceQuality "1"]

1. d4 Nf6 2. c4 e6 3. Nc3 d5 4. cxd5 exd5 5. Bg5 c6 6. e3 Be7 7. Bd3 Nbd7 8. Qc2 Nh5 9. Bxe7 Qxe7 10. Nge2 g6 11. 0-0-0 Nb6 12. Kb1 Ng7 13. Ng3 Bd7 14. Rc1 h5 15. h4 Be6 16. Nce2 0-0-0 17. Nf4 Kb8 18. Qd2 Bg4 19. b3 Rhe8 20. a4 Nc8 21. Ka2 Ne6 22. Nxe6 Qxe6 23. Rc2 Qf6 24. f3 Bd7 25. Qf2 Qe7 26. e4 dxe4 27. fxe4 Be6 28. Ne2 Qb4 29. Qf4+ Nd6 30. d5 cxd5 31. exd5 Qxf4 32. Nxf4 Bf5 33. Rd2 Re3 34. Bxf5 Nxf5 35. Rf2 Nd4 36. Rb1 Rd7 37. b4 Re4 38. g3 Kc7 39. Rc1+ Kd6 40. Rc8 Re3 41. Rc4 Ke5 42. d6 b6 43. Rd2 Rxd6 44. Rc7 Nc6 45. Rb2 a5 46. bxa5 bxa5 47. Rb3 Rd2+ 48. Ka3 Rxb3+ 49. Kxb3 Nd4+ 50. Ka3 Rc2 51. Re7+ Kf6 52. Nd5+ Kg7 53. Ra7 Rg2 54. Rxa5 Rxg3+ 55. Kb2 Rb3+ 56. Kc1 Rh3 57. Ra8 Rxh4 58. a5 Nb5 59. Rb8 Rc4+ 60. Kb2 Rc5 61. Nf4 Nd6 62. a6 Ra5 63. Ra8 Nb5 64. Rb8 Nc7 65. Rb7 Nxa6 66. Ne6+ Kg8 67. Nd8 Rf5 68. Nc6 Rc5 69. Nd4 h4 70. Rb3 Rc4 71. Nc2 Kg7 72. Rh3 g5 73. Kb3 Re4 74. Kc3 f5 75. Ne3 Kg6 76. Kd2 Nc5 77. Nd1 Kh5 78. Rc3 Re5 0-1

[Event "LSS BI-2009-P-00012"]
[Site "LSS email"]
[Date "2009.04.19"]
[Round "?"]
[White "Hartnack, Robert"]
[Black "Kolus, Wojciech"]
[Result "1-0"]
[WhiteElo "2008"]
[BlackElo "2123"]
[PlyCount "85"]
[EventDate "2009.04.20"]
[EventType "tourn (corr)"]
[EventRounds "10"]
[EventCountry "GER"]
[SourceTitle "Telechess CBM 147"]
[Source "ChessBase"]
[SourceDate "2012.03.16"]
[SourceVersion "1"]
[SourceVersionDate "2012.03.16"]
[SourceQuality "1"]

1. e4 e5 2. Nf3 Nc6 3. Bb5 Nf6 4. 0-0 Nxe4 5. d4 Be7 6. Qe2 Nd6 7. Bxc6 bxc6 8. dxe5 Nf5 9. Qe4 g6 10. Nd4 Nxd4 11. Qxd4 0-0 12. Bh6 Re8 13. Nd2 d5 14. Nb3 Bf5 15. Rac1 a5 16. Rfe1 Rb8 17. a3 a4 18. Qxa4 c5 19. Qf4 Rb6 20. h3 Be4 21. Qg3 c4 22. Nd2 Bf5 23. Qc3 Be6 24. Rb1 d4 25. Qg3 Bd5 26. Ne4 Bxe4 27. Rxe4 Qd5 28. Ree1 Ra8 29. h4 Rab8 30. h5 Qe6 31. Rbd1 Rxb2 32. Rxd4 Rxc2 33. hxg6 hxg6 34. Bg5 Bxg5 35. Qxg5 Qf5 36. Qh4 Re8 37. e6 Kg7 38. Rxc4 c5 39. e7 g5 40. Rg4 f6 41. Qg3 Kf7 42. Qe3 Rxf2 43. Rxg5 1-0

[Event "LSS BI-2009-P-00012"]
[Site "LSS email"]
[Date "2009.04.19"]
[Round "?"]
[White "Hartnack, Robert"]
[Black "Pehl, Ferenc"]
[Result "1-0"]
[WhiteElo "2008"]
[BlackElo "841"]
[PlyCount "57"]
[EventDate "2009.04.20"]
[EventType "tourn (corr)"]
[EventRounds "10"]
[EventCountry "GER"]
[SourceTitle "Telechess CBM 147"]
[Source "ChessBase"]
[SourceDate "2012.03.16"]
[SourceVersion "1"]
[SourceVersionDate "2012.03.16"]
[SourceQuality "1"]

1. e4 e5 2. Nf3 Nc6 3. Bb5 a6 4. Ba4 Nf6 5. 0-0 Be7 6. Re1 0-0 7. Bxc6 dxc6 8. Nxe5 Bd6 9. Nf3 Re8 10. e5 Bg4 11. exd6 Rxe1+ 12. Qxe1 cxd6 13. d3 Bxf3 14. gxf3 Qd7 15. Be3 Re8 16. Qb4 Nd5 17. Qd4 Qf5 18. Nc3 Nxe3 19. Re1 Qxf3 20. Rxe3 Rxe3 21. fxe3 d5 22. Qf4 Qxf4 23. exf4 b5 24. a4 Kf8 25. a5 Ke7 26. Na2 c5 27. d4 Kd6 28. c3 cxd4 29. cxd4 1-0

[Event "LSS OP-2009-0-00722"]
[Site "LSS email"]
[Date "2009.01.20"]
[Round "?"]
[White "Traczewski, Wojciech"]
[Black "Hartnack, Robert"]
[Result "1-0"]
[WhiteElo "1382"]
[BlackElo "2008"]
[PlyCount "131"]
[EventDate "2009.01.17"]
[EventType "tourn (corr)"]
[EventRounds "4"]
[EventCountry "GER"]
[SourceTitle "Telechess CBM 147"]
[Source "ChessBase"]
[SourceDate "2012.03.16"]
[SourceVersion "1"]
[SourceVersionDate "2012.03.16"]
[SourceQuality "1"]

1. e4 e5 2. Nf3 Nc6 3. Bb5 a6 4. Ba4 Nf6 5. 0-0 Nxe4 6. d4 b5 7. Bb3 d5 8. dxe5 Be6 9. c3 Be7 10. Nbd2 Nc5 11. Bc2 Bg4 12. Qe2 d4 13. Be4 Qd7 14. Bxc6 Qxc6 15. cxd4 Ne6 16. h3 Bh5 17. Qe3 Rd8 18. b3 Qd5 19. Bb2 c5 20. dxc5 Bxc5 21. Qc3 Nf4 22. Rfe1 Rc8 23. Kh1 0-0 24. e6 f6 25. e7 Rfe8 26. Ne4 Bxe7 27. Qd4 Qe6 28. Ng3 Bxf3 29. Rxe6 Nxe6 30. Qd7 Nc5 31. Qf5 Bb7 32. Qg4 Nd3 33. Bd4 Bf8 34. Rd1 Ne5 35. Bxe5 Rxe5 36. f4 Re7 37. Nf5 Rec7 38. Rd7 h5 39. Ne7+ Bxe7 40. Qe6+ Kh7 41. Qxe7 Rxd7 42. Qxd7 Rc1+ 43. Kh2 Bc8 44. Qe8 h4 45. Qe3 Rc7 46. Qd3+ Kh6 47. f5 Kh7 48. Qd4 Bxf5 49. Qxh4+ Kg8 50. Qf4 Rc5 51. Qd6 Re5 52. Qxa6 Kh7 53. a4 bxa4 54. bxa4 Re6 55. Qc8 Re5 56. Qc4 Be4 57. a5 f5 58. a6 Ra5 59. g4 Bd5 60. Qd4 fxg4 61. hxg4 Ra2+ 62. Kg1 Bf7 63. Qe4+ g6 64. Qb7 Kg7 65. a7 Ra1+ 66. Kf2 1-0

[Event "LSS CP-2008-P-00072"]
[Site "LSS email"]
[Date "2008.10.01"]
[Round "?"]
[White "Hartnack, Robert"]
[Black "Taylor, Doug"]
[Result "1-0"]
[WhiteElo "1989"]
[BlackElo "694"]
[PlyCount "33"]
[EventDate "2008.10.01"]
[EventType "tourn (corr)"]
[EventRounds "6"]
[EventCountry "GER"]
[SourceTitle "Corr 2013"]
[Source "ChessBase"]
[SourceDate "2012.11.12"]
[SourceVersion "1"]
[SourceVersionDate "2012.11.12"]
[SourceQuality "1"]
[WhiteTeam "US of America"]
[BlackTeam "US of America"]
[WhiteTeamCountry "USA"]
[BlackTeamCountry "USA"]

1. e4 e5 2. Nf3 Nf6 3. Nxe5 Nxe4 4. Qe2 d5 5. d3 f6 6. Qh5+ Ke7 7. Qf7+ Kd6 8. dxe4 fxe5 9. Qxd5+ Ke7 10. Bg5+ Ke8 11. Qxd8+ Kf7 12. Bc4+ Kg6 13. Qe8+ Kxg5 14. h4+ Kf4 15. Qf7+ Kxe4 16. Nc3+ Kd4 17. Qd5# 1-0

[Event "IECC P-4453"]
[Site "IECC email"]
[Date "2008.06.19"]
[Round "?"]
[White "Hartnack, Robert"]
[Black "Petkov, Stamat"]
[Result "0-1"]
[WhiteElo "2254"]
[BlackElo "2386"]
[PlyCount "138"]
[EventDate "2008.??.??"]
[EventType "match (corr)"]
[SourceTitle "Corr 2013"]
[Source "ChessBase"]
[SourceDate "2012.11.12"]
[SourceVersion "1"]
[SourceVersionDate "2012.11.12"]
[SourceQuality "1"]
[WhiteTeam "US of America"]
[BlackTeam "Australia"]
[WhiteTeamCountry "USA"]
[BlackTeamCountry "AUS"]

1. e4 c5 2. Nf3 d6 3. d4 cxd4 4. Nxd4 Nf6 5. Nc3 a6 6. Be3 e6 7. g4 e5 8. Nf5 g6 9. g5 gxf5 10. exf5 d5 11. Qf3 d4 12. 0-0-0 Nbd7 13. Bc4 Qc7 14. Bxd4 exd4 15. Rhe1+ Kd8 16. Rxd4 Bc5 17. Rdd1 Re8 18. gxf6 Rxe1 19. Rxe1 Nxf6 20. Rd1+ Bd7 21. Bxf7 Rc8 22. Be6 Bd6 23. Qd3 Ke7 24. Nd5+ Nxd5 25. Bxd5 Rf8 26. Be6 Bxe6 27. fxe6 Bf4+ 28. Kb1 Kxe6 29. Re1+ Kf6 30. Qd4+ Kg5 31. Rg1+ Kh4 32. h3 h5 33. Qd1 Qc8 34. Qf3 Qe6 35. a3 Rf7 36. a4 Bh2 37. Qg2 Qe5 38. Rd1 Re7 39. Qg8 Qe4 40. Qd8 Bc7 41. Qf8 Kxh3 42. Qh8 Qe2 43. Qd4 Re4 44. Qd7+ Kg2 45. f3 Re7 46. Qd4 Bf4 47. Rg1+ Kh2 48. Rd1 Qxf3 49. Qg1+ Kh3 50. Rf1 Qg2 51. Qxg2+ Kxg2 52. Rxf4 Rh7 53. Rf8 h4 54. Rg8+ Kf3 55. Rf8+ Kg4 56. Rg8+ Kh5 57. Rg1 h3 58. b4 h2 59. Rh1 Kg4 60. Kb2 Kf3 61. c4 Kg2 62. Rd1 h1Q 63. Rxh1 Rxh1 64. Kc3 Kf3 65. Kd4 Rb1 66. b5 axb5 67. axb5 b6 68. Kd5 Ke3 69. Kc6 Kd4 0-1

[Event "LSS BI-2008-P-00002"]
[Site "LSS email"]
[Date "2008.04.27"]
[Round "?"]
[White "Hartnack, Robert"]
[Black "Castillo, Ernesto"]
[Result "1-0"]
[WhiteElo "2008"]
[BlackElo "1994"]
[PlyCount "21"]
[EventDate "2008.04.27"]
[EventType "tourn (corr)"]
[EventRounds "10"]
[EventCountry "GER"]
[SourceTitle "Corr 2015"]
[Source "ChessBase"]
[SourceDate "2015.07.17"]
[SourceVersion "1"]
[SourceVersionDate "2015.07.17"]
[SourceQuality "1"]

1. e4 e5 2. Nf3 Nc6 3. Bb5 a6 4. Ba4 Nf6 5. 0-0 Be7 6. Re1 b5 7. Bb3 0-0 8. c3 d5 9. exd5 Nxd5 10. Nxe5 Nxe5 11. Rxe5 1-0

[Event "LSS BI-2008-P-00002"]
[Site "LSS email"]
[Date "2008.04.27"]
[Round "?"]
[White "Hartnack, Robert"]
[Black "Szenczy, Sandor"]
[Result "1/2-1/2"]
[WhiteElo "1997"]
[BlackElo "1962"]
[PlyCount "122"]
[EventDate "2008.04.27"]
[EventType "tourn (corr)"]
[EventRounds "10"]
[EventCountry "GER"]
[SourceTitle "Corr 2011"]
[Source "ChessBase"]
[SourceDate "2010.08.31"]
[SourceVersion "1"]
[SourceVersionDate "2010.08.31"]
[SourceQuality "1"]

1. e4 e5 2. Nf3 Nc6 3. Bb5 a6 4. Ba4 Nf6 5. 0-0 Bc5 6. c3 b5 7. Bc2 d5 8. d4 dxe4 9. Nxe5 Nxe5 10. dxe5 Qxd1 11. Rxd1 Ng4 12. Bxe4 Rb8 13. Bc6+ Ke7 14. Bg5+ Ke6 15. Bh4 Nxe5 16. Bd5+ Kf5 17. Bxf7 Bxf2+ 18. Bxf2 Nxf7 19. Nd2 Re8 20. Bg3 Nd6 21. Nb3 Rb6 22. Re1 Kg6 23. Nc5 Bf5 24. Rxe8 Nxe8 25. Be5 h5 26. Re1 Nf6 27. h3 Rc6 28. Bd4 Kf7 29. b3 Rd6 30. Be5 Rb6 31. Kf2 g5 32. Ke3 Nd7 33. Nxd7 Bxd7 34. Rf1+ Kg6 35. Bxc7 Re6+ 36. Kd3 Re7 37. Bb6 Bf5+ 38. Kd2 g4 39. hxg4 Bxg4 40. Be3 Rd7+ 41. Bd4 Re7 42. Rf6+ Kg5 43. Rf2 Kh4 44. c4 bxc4 45. bxc4 Kg3 46. Kd3 Bd7 47. Rb2 Bc6 48. Bf2+ Kg4 49. Kc3 Rb7 50. g3 Rxb2 51. Kxb2 Kf3 52. Be1 Bd7 53. Kc2 Ke2 54. Ba5 Kf3 55. Bc7 Ke4 56. Kc3 Bg4 57. Kb4 Be2 58. Bb6 Ke5 59. Bc5 Ke6 60. Bd4 Kd6 61. a4 Kc6 1/2-1/2

[Event "LSS BI-2008-P-00002"]
[Site "LSS email"]
[Date "2008.04.27"]
[Round "?"]
[White "Vujadinovic, Milan"]
[Black "Hartnack, Robert"]
[Result "1-0"]
[WhiteElo "2050"]
[BlackElo "1997"]
[PlyCount "99"]
[EventDate "2008.04.27"]
[EventType "tourn (corr)"]
[EventRounds "10"]
[EventCountry "GER"]
[SourceTitle "Corr 2011"]
[Source "ChessBase"]
[SourceDate "2010.08.31"]
[SourceVersion "1"]
[SourceVersionDate "2010.08.31"]
[SourceQuality "1"]

1. c4 e5 2. Nc3 Nf6 3. Nf3 Nc6 4. g3 d5 5. cxd5 Nxd5 6. Bg2 Nb6 7. 0-0 Be7 8. a3 0-0 9. b4 Be6 10. Rb1 f6 11. d3 a5 12. b5 Nd4 13. Nd2 Rb8 14. e3 Nf5 15. Qc2 Qe8 16. Nce4 Kh8 17. Nc5 Bxc5 18. Qxc5 Qd7 19. Qc2 Nh6 20. Ne4 Bh3 21. Nc5 Qc8 22. Bd2 a4 23. e4 Nf7 24. f4 Bxg2 25. Kxg2 Qe8 26. f5 Nd8 27. Be3 Rf7 28. Rb4 Ra8 29. h3 Ra5 30. Rfb1 Ra8 31. d4 exd4 32. Rxd4 Nd7 33. Rxa4 Rc8 34. Rc4 Nxc5 35. Rxc5 c6 36. e5 fxe5 37. Qe4 Re7 38. Bg5 b6 39. Bxe7 bxc5 40. Bxd8 Qxd8 41. b6 Qd2+ 42. Kf3 Rb8 43. Qxe5 Qd3+ 44. Kg4 Rf8 45. Re1 Qxa3 46. Re4 Rg8 47. Kh4 Qa8 48. Qe7 Qd8 49. b7 c4 50. Qxd8 1-0